Effective learning and mental wellbeing (Record no. 366832)
[ view plain ]
| 000 -LEADER | |
|---|---|
| fixed length control field | 00768nam a22002177a 4500 |
| 003 - CONTROL NUMBER IDENTIFIER | |
| control field | 0 |
| 005 - DATE AND TIME OF LATEST TRANSACTION | |
| control field | 20241226143108.0 |
| 008 - FIXED-LENGTH DATA ELEMENTS--GENERAL INFORMATION | |
| fixed length control field | 241226b xxu||||| |||| 00| 0 eng d |
| 020 ## - INTERNATIONAL STANDARD BOOK NUMBER | |
| International Standard Book Number | 978-1-032-35414-9 |
| 050 ## - LIBRARY OF CONGRESS CALL NUMBER | |
| Classification number | LB3430 |
| Item number | .P55 2024 |
| 100 ## - MAIN ENTRY--PERSONAL NAME | |
| Personal name | Philo, Sarah |
| 245 ## - TITLE STATEMENT | |
| Title | Effective learning and mental wellbeing |
| Remainder of title | improving the mental health and trauma-resilience of learners in a trauma-impacted world |
| Statement of responsibility, etc | Sarah Philo and John Senior |
| 260 ## - PUBLICATION, DISTRIBUTION, ETC. (IMPRINT) | |
| Place of publication, distribution, etc | New York |
| Name of publisher, distributor, etc | Routledge |
| Date of publication, distribution, etc | c2024 |
| 300 ## - PHYSICAL DESCRIPTION | |
| Extent | xvi, 287 pages ; |
| Dimensions | 24cm. |
| 504 ## - BIBLIOGRAPHY, ETC. NOTE | |
| Bibliography, etc | Includes bibliographical references and index. |
| 650 ## - SUBJECT ADDED ENTRY--TOPICAL TERM | |
| Topical term or geographic name as entry element | Student--mental health. |
| 650 ## - SUBJECT ADDED ENTRY--TOPICAL TERM | |
| Topical term or geographic name as entry element | Learning, psychology of. |
| 650 ## - SUBJECT ADDED ENTRY--TOPICAL TERM | |
| Topical term or geographic name as entry element | Cognitive theory. |
| 650 ## - SUBJECT ADDED ENTRY--TOPICAL TERM | |
| Topical term or geographic name as entry element | COVID-19 pandemic, 2020--influence. |
| 942 ## - ADDED ENTRY ELEMENTS (KOHA) | |
| Source of classification or shelving scheme | Library of Congress Classification |
| Koha item type | Books |
| Withdrawn status | Lost status | Source of classification or shelving scheme | Damaged status | Home library | Current library | Shelving location | Date acquired | Source of acquisition | Sub Shelving location | Total Checkouts | Full call number | Barcode | Date last seen | Price effective from | Koha item type |
|---|---|---|---|---|---|---|---|---|---|---|---|---|---|---|---|
| Library of Congress Classification | College Library | College Library | Reserve Section | 12/26/2024 | Library Fund | LB3430 .P55 2024 | C24035 | 12/26/2024 | 12/26/2024 | Books |